000
00313nam a22001337a 4500
020
_a
978-0471973508
041
_a
ENG
100
_a
Herschy .R.W
245
_a
Hydrometry Principles And Practices
260
_a
New York
_b
John Wiley & Sons
_c
1978
300
_a
511
650
_a
SWCE ( 06)
856
_u
SWCE ( 06)
999
_c
2896
_d
2896